000 00766nam a22002897a 4500
001 BR2010005353
003 BR-BrBNA
005 20230928103425.0
007 ta
008 230509b bl.||||| |||| 00| 0 por d
040 _aBR-BrBNA
_bpor
_cBiblioteca Nacional de Agricultura
041 _a(Por)
072 _aP33
090 _ P33 BR2010005353
100 1 _aMeurer, E.J.(ed.)
245 1 _aFundamento de química do solo
250 1 _a2. ed.
260 3 _aPorto Alegre, RS (Brasil):
_c2004.
300 _a290 p.
500 _aBibliography p. 283-290; 52 illus.; 29 tables
650 _aQUÍMICA DO SOLO
650 _aSOLO ÁCIDO
650 _aSOLO INUNDADO
650 _aMODELO MATEMÁTICO
909 _a202309
_bLucia
_c55
_dLucia Elande
942 _cBK
999 _c75047
_d75047